LIBRARY & INFORMATION CENTRE, KCAET, TAVANUR

ONLINE PUBLIC ACCESS CATALOGUE (OPAC)

Studies on feasibility of cocoa (Theobroma cacao L.) fermentation inside a polyhouse (Record no. 15010)

MARC details
000 -LEADER
fixed length control field 00747nam a22001817a 4500
003 - CONTROL NUMBER IDENTIFIER
control field OSt
088 ## - REPORT NUMBER
Report number P 259
100 ## - MAIN ENTRY--AUTHOR NAME
Personal name ABHA G
-- ANU S. RAJ
-- RESHMA M
245 ## - TITLE STATEMENT
Title Studies on feasibility of cocoa (Theobroma cacao L.) fermentation inside a polyhouse
260 ## - PUBLICATION, DISTRIBUTION, ETC. (IMPRINT)
Place of publication Tavanur 2013
Name of publisher Department of Post Harvest Technology and Agricultural Processing
300 ## - PHYSICAL DESCRIPTION
Number of Pages 62
500 ## - GENERAL NOTE
General note Studies on feasibility of cocoa (Theobroma cacao L.) fermentation inside a polyhouse
520 ## - SUMMARY, ETC.
Summary, etc Studies on feasibility of cocoa (Theobroma cacao L.) fermentation inside a polyhouse
700 ## - ADDED ENTRY--PERSONAL NAME
Personal name Dr. Santhi Mary Mathew (Guide)
856 ## - ELECTRONIC LOCATION AND ACCESS
Uniform Resource Identifier https://drive.google.com/open?id=1XuUNB4Err2dnk4AYWnjjSfcCMdG0T4ga
942 ## - ADDED ENTRY ELEMENTS (KOHA)
Koha item type Project Report
Holdings
Collection code Home library Current library Shelving location Full call number Accession Number Koha item type
Reference KAUAET KAUAET Reference 631.56 ABH/ST P 259 Project Report
free website counter